000 00863nam a2200205 i 4500
001 81109
003 ES-MaACL
005 20230906174354.0
007 t|
008 041103q1919 sp ||||1| spa d
100 1 _aHoyos Sáinz, Luis de,
_d1868-1951
_964437
245 1 0 _aCongreso de Bilbao
_b: estado actual del conocimiento antropológico del pueblo español : discurso inaugural /
_cpor Luis de Hoyos Sáinz.
260 _aMadrid :
_b[s.n.,
_c1919?] (
_fEduardo Arias)
300 _a44 p. ;
_c25 cm.
500 _aPrecede al tít.: Asociación Española para el Progreso de las Ciencias.
710 2 _aAsociación Española para el Progreso de las Ciencias.
_91705
710 2 _aAsociación Española para el Progreso de las Ciencias.
_bCongreso (
_n7º.
_d1919.
_cBilbao)
_91701
852 _aES-MaACL
_j1840-F-15
_bR.19963
999 _c81109
_d81109